书目信息 |
| 题名: |
数值分析全真试题解析
|
|
| 作者: | 孙志忠 编著 | |
| 分册: | ||
| 出版信息: | 南京 东南大学出版社 2004.07 |
|
| 页数: | 182页 | |
| 开本: | 24cm | |
| 丛书名: | ||
| 单 册: | ||
| 中图分类: | O241 | |
| 科图分类: | ||
| 主题词: | 数值计算--shu zhi ji suan--高等学校--解题 | |
| 电子资源: | ||
| ISBN: | 7-81089-629-6 | |
| 000 | 00822nam0 2200229 450 | |
| 001 | 012009740296 | |
| 005 | 20090917113623.48 | |
| 010 | @a7-81089-629-6@dCNY18.00 | |
| 100 | @a20090917d2004 em y0chiy0120 ea | |
| 101 | 0 | @achi |
| 102 | @aCN@b320000 | |
| 105 | @aa q 000yy | |
| 106 | @ar | |
| 200 | 1 | @a数值分析全真试题解析@Ashu zhi fen xi quan zhen shi ti jie xi@f孙志忠编著@Fsun zhi zhong bian zhu |
| 210 | @a南京@c东南大学出版社@d2004.07 | |
| 215 | @a182页@c图@d24cm | |
| 330 | @a本书是一部有关数值计算的著作。本书对东南大学近5年来工科硕士研究生、工程研士研究学位课程以及工科博士研究生入学考试"数值分析"试题作了详细的解答。 | |
| 606 | 0 | @a数值计算@Ashu zhi ji suan@x高等学校@j解题 |
| 690 | @aO241@v4 | |
| 701 | 0 | @a孙志忠@Asun zhi zhong@4编著 |
| 801 | 0 | @aCN@bQSSK@c20090917 |
| 905 | @b753560-64@dO241@eS989@f5 | |
| 数值分析全真试题解析/孙志忠编著.-南京:东南大学出版社,2004.07 |
| 182页:图;24cm |
| ISBN 7-81089-629-6:CNY18.00 |
| 本书是一部有关数值计算的著作。本书对东南大学近5年来工科硕士研究生、工程研士研究学位课程以及工科博士研究生入学考试"数值分析"试题作了详细的解答。 |
| ● |
| 相关链接 |
|
|
|
正题名:数值分析全真试题解析
索取号:O241/S989
 
预约/预借
| 序号 | 登录号 | 条形码 | 馆藏地/架位号 | 状态 | 备注 |
| 1 | 753560 | 207535602 | 自科库401/401自科库 49排3列1层/ [索取号:O241/S989] | 在馆 | |
| 2 | 753561 | 207535611 | 自科库401/401自科库 49排3列1层/ [索取号:O241/S989] | 在馆 | |
| 3 | 753562 | 207535620 | 自科库401/401自科库 49排3列1层/ [索取号:O241/S989] | 在馆 | |
| 4 | 753563 | 207535639 | 自科库401/401自科库 49排3列1层/ [索取号:O241/S989] | 在馆 | |
| 5 | 753564 | 207535648 | 自科库401/401自科库 49排3列1层/ [索取号:O241/S989] | 在馆 |